| 000 | 00682nam a2200229 i 4500 | ||
|---|---|---|---|
| 001 | 18457 | ||
| 003 | ES-MaACL | ||
| 005 | 20250824222027.0 | ||
| 007 | t| | ||
| 008 | 011023s2001 sp ||||1| spa d | ||
| 020 | _a84-7844-542-0 | ||
| 080 | _a821.411.16'08-31"19" | ||
| 100 | 1 |
_aOz, Amos. _988063 |
|
| 245 | 1 | 3 |
_aUn descanso verdadero / _cAmos Oz ; traducción del hebreo de Raquel García Lozano. |
| 260 |
_aMadrid : _bSiruela, _c[2001] |
||
| 300 |
_a449 p. ; _c23 cm. |
||
| 490 | 1 |
_aLibros del tiempo ; _v137 |
|
| 700 | 1 |
_aGarcía Lozano, Raquel. _954864 |
|
| 830 | 1 | 0 |
_aLibros del tiempo (Siruela) _v137 _9233603 |
| 852 |
_aES-MaACL _jL-25086 |
||
| 999 |
_c18457 _d18457 |
||